[Event "Winnipeg op U1800"]
[Site "Winnipeg CAN"]
[Date "2026.02.16"]
[Round "5.17"]
[White "Hui, Zenas"]
[Black "Hansima, Charitha"]
[Result "0-1"]
[WhiteElo "1529"]
[BlackElo "1729"]
[WhiteFideId "-1"]
[BlackFideId "-1"]
[PlyCount "145"]
[GameId "2285889505800737"]
[EventDate "2026.02.14"]
[EventType "swiss"]
[EventRounds "5"]
[EventCountry "CAN"]

1. c4 c5 2. Nc3 Nc6 3. g3 g6 4. Bg2 Bg7 5. e3 Nf6 6. Nge2 O-O 7. O-O d6 8. d4 Bg4 9. Qd2 Qc8 10. b3 Bh3 11. Bb2 Bxg2 12. Kxg2 Qf5 13. h4 Rad8 14. Rad1 Rfe8 15. Qd3 Qg4 16. Rd2 Nh5 17. Qe4 Nf6 18. Qxg4 Nxg4 19. Rfd1 cxd4 20. Nxd4 Nxd4 21. exd4 Rc8 22. d5 Nf6 23. Re1 a6 24. Ne4 Nxe4 25. Rxe4 Bxb2 26. Rxb2 b5 27. Rbe2 Kf8 28. Rb2 Rc5 29. cxb5 axb5 30. Rd2 Rec8 31. Rb4 Kg7 32. Kf3 f5 33. Kf4 Kf6 34. f3 R8c7 35. g4 fxg4 36. fxg4 h6 37. g5+ hxg5+ 38. hxg5+ Kf7 39. Ke4 Rb7 40. a4 Rc3 41. axb5 Rh3 42. Rf2+ Ke8 43. b6 Rh5 44. Rb5 Rxg5 45. Ra2 Rb8 46. b7 Kd7 47. Ra8 Kc7 48. Rxb8 Kxb8 49. Kf4 Rg1 50. Kf3 Rc1 51. Kg4 Rg1+ 52. Kf3 Rc1 53. Kg4 Rg1+ 54. Kf3 g5 55. Rb4 Rd1 56. Rb5 Rd4 57. Kg3 Re4 58. Rb6 Re5 59. Rb5 e6 60. Rb4 Rxd5 61. Re4 e5 62. Rg4 Rd3+ 63. Kf2 Rxb3 64. Rxg5 Kxb7 65. Rg4 Kc6 66. Ke2 d5 67. Rg6+ Kc5 68. Rg5 e4 69. Rh5 Kc4 70. Rh8 Kd4 71. Rh4 Rb2+ 72. Ke1 Kd3 73. Rh3+ 0-1

[Event "Winnipeg op U1800"]
[Site "Winnipeg CAN"]
[Date "2026.02.16"]
[Round "5.18"]
[White "Lee, Zach Nathaniel"]
[Black "Johnston, Devin"]
[Result "1-0"]
[WhiteElo "1402"]
[BlackElo "1607"]
[WhiteFideId "-1"]
[BlackFideId "-1"]
[PlyCount "57"]
[GameId "2285889505800738"]
[EventDate "2026.02.14"]
[EventType "swiss"]
[EventRounds "5"]
[EventCountry "CAN"]

1. e4 c5 2. Nf3 Nc6 3. Bc4 e6 4. Nc3 a6 5. a4 Nf6 6. d3 d5 7. exd5 exd5 8. Bb3 Be7 9. O-O O-O 10. Bg5 d4 11. Bxf6 Bxf6 12. Ne4 b6 13. Qd2 h6 14. Bc4 Ne5 15. Nxf6+ Qxf6 16. Nxe5 Qxe5 17. b4 Bb7 18. bxc5 bxc5 19. Rab1 Bc6 20. Rb6 Bxa4 21. Bxa6 Kh7 22. Bc4 Ra7 23. Ra6 Rxa6 24. Bxa6 Re8 25. h3 Qe2 26. Qf4 Bxc2 27. Qf5+ Kg8 28. Bc4 Rf8 29. g4 1-0

[Event "Winnipeg op U1800"]
[Site "Winnipeg CAN"]
[Date "2026.02.16"]
[Round "5.19"]
[White "Pacin, Ondrej"]
[Black "Parmar, Nevil"]
[Result "0-1"]
[WhiteElo "1428"]
[BlackElo "1556"]
[WhiteFideId "-1"]
[BlackFideId "-1"]
[PlyCount "106"]
[GameId "2285889505800739"]
[EventDate "2026.02.14"]
[EventType "swiss"]
[EventRounds "5"]
[EventCountry "CAN"]

1. e4 c5 2. Nf3 Nc6 3. c3 Nf6 4. e5 Nd5 5. d4 cxd4 6. cxd4 d6 7. Bb5 Qa5+ 8. Nc3 Nxc3 9. Bxc6+ bxc6 10. bxc3 Qxc3+ 11. Bd2 Qc4 12. exd6 exd6 13. Qb3 Ba6 14. Qxc4 Bxc4 15. Bc3 Be7 16. Kd2 Bf6 17. Rhe1+ Kd7 18. a3 Rhe8 19. Rxe8 Rxe8 20. Re1 Rxe1 21. Nxe1 Ke6 22. g3 Kd5 23. f3 Bxd4 24. Bxd4 Kxd4 25. Nc2+ Kc5 26. f4 Be6 27. Nb4 a5 28. Nc2 Kc4 29. a4 Kb3 30. Nd4+ Kxa4 31. Nxc6 Kb5 32. Nd4+ Kc4 33. Nc2 a4 34. f5 Bc8 35. Kc1 Kc3 36. g4 d5 37. Na3 Ba6 38. Nb1+ Kd3 39. Kd1 Ke3 40. Nc3 d4 41. Nxa4 Be2+ 42. Kc1 Bxg4 43. f6 gxf6 44. Nc5 d3 45. Nb3 f5 46. Nd2 Kf2 47. h4 Kg3 48. Nf1+ Kxh4 49. Kd2 Be2 50. Ne3 f4 51. Nf5+ Kg5 52. Nd4 f3 53. Ke3 h5 0-1

[Event "Winnipeg op U1800"]
[Site "Winnipeg CAN"]
[Date "2026.02.16"]
[Round "5.20"]
[White "Nikkel, Daniel"]
[Black "Holoborodko, Ihor"]
[Result "0-1"]
[WhiteElo "1362"]
[BlackElo "1530"]
[WhiteFideId "-1"]
[BlackFideId "-1"]
[PlyCount "88"]
[GameId "2285889505800740"]
[EventDate "2026.02.14"]
[EventType "swiss"]
[EventRounds "5"]
[EventCountry "CAN"]

1. Nf3 g6 2. d4 Bg7 3. c4 c5 4. e4 cxd4 5. Nxd4 Qb6 6. Nb3 Nc6 7. c5 Qb4+ 8. Nc3 Bxc3+ 9. bxc3 Qxe4+ 10. Qe2 Qxe2+ 11. Bxe2 Nf6 12. Bf3 O-O 13. O-O e5 14. Re1 Re8 15. Bg5 Kg7 16. Bxc6 dxc6 17. Bxf6+ Kxf6 18. Re2 Bf5 19. Rae1 Rad8 20. Na5 Rd7 21. Nc4 Rd5 22. Nd6 Re7 23. Rb2 Rxc5 24. g4 Bd3 25. Rb3 e4 26. Nxb7 Rb5 27. Rxb5 cxb5 28. Nc5 Rc7 29. Nxe4+ Bxe4 30. Rxe4 Rxc3 31. Rb4 a6 32. Kg2 Rc2 33. a4 Rc4 34. Rxc4 bxc4 35. Kf1 Ke5 36. Ke2 Kd4 37. Kd2 c3+ 38. Kc1 Kd3 39. h4 h6 40. f4 f6 41. a5 f5 42. g5 h5 43. Kd1 Kc4 44. Kc2 Kb4 0-1

[Event "Winnipeg op U1800"]
[Site "Winnipeg CAN"]
[Date "2026.02.16"]
[Round "5.21"]
[White "Melnyk, James"]
[Black "Zhang, Oscar"]
[Result "1-0"]
[WhiteElo "1700"]
[BlackElo "1365"]
[WhiteFideId "-1"]
[BlackFideId "-1"]
[PlyCount "75"]
[GameId "2285889505808933"]
[EventDate "2026.02.14"]
[EventType "swiss"]
[EventRounds "5"]
[EventCountry "CAN"]

1. e4 e5 2. Nf3 Nc6 3. Bc4 Bc5 4. O-O Nf6 5. d4 exd4 6. e5 d5 7. exf6 dxc4 8. Re1+ Be6 9. Ng5 Qxf6 10. Nxe6 fxe6 11. Qh5+ g6 12. Qxc5 Rf8 13. Rf1 O-O-O 14. Qxc4 Qh4 15. Qxe6+ Kb8 16. Qc4 Rde8 17. Bd2 h5 18. Na3 a6 19. Rae1 Rxe1 20. Bxe1 g5 21. Qd5 Qf4 22. Nc4 Qf6 23. Bd2 Qf5 24. Qxf5 Rxf5 25. Re1 g4 26. Bh6 h4 27. Re8+ Ka7 28. Rg8 Rf6 29. Bg5 Re6 30. Kf1 Nb4 31. Na3 Re5 32. Bf6 Re4 33. Rd8 g3 34. hxg3 hxg3 35. Bxd4+ b6 36. Be3 gxf2 37. Kxf2 Nc6 38. Rd2 1-0

[Event "Winnipeg op U1800"]
[Site "Winnipeg CAN"]
[Date "2026.02.16"]
[Round "5.22"]
[White "Gannon, Keith"]
[Black "Chan, John"]
[Result "1-0"]
[WhiteElo "1571"]
[BlackElo "1560"]
[WhiteFideId "-1"]
[BlackFideId "-1"]
[PlyCount "115"]
[GameId "2285889505808934"]
[EventDate "2026.02.14"]
[EventType "swiss"]
[EventRounds "5"]
[EventCountry "CAN"]

1. Nf3 d5 2. d4 Nf6 3. Nc3 e6 4. e3 Bb4 5. Bd2 O-O 6. Be2 Ne4 7. Nxe4 dxe4 8. Bxb4 exf3 9. Bxf3 Re8 10. O-O Nc6 11. Bc3 Qg5 12. Re1 Ne7 13. e4 c6 14. Qd2 Qxd2 15. Bxd2 b5 16. a4 bxa4 17. Rxa4 Bd7 18. Rea1 c5 19. Rxa7 Rxa7 20. Rxa7 Bb5 21. dxc5 Nc6 22. Ra1 Nd4 23. Bd1 h6 24. c3 Nc6 25. h3 Ne5 26. Ba4 Bxa4 27. Rxa4 Rd8 28. Rd4 Ra8 29. Bf4 Ra1+ 30. Kh2 Nc6 31. Rd6 Ne7 32. c6 Rb1 33. Rd8+ Kh7 34. c7 Rxb2 35. c8=Q Nxc8 36. Rxc8 Rxf2 37. Bg3 Re2 38. e5 g5 39. Rc7 Kg6 40. Rc5 h5 41. h4 g4 42. Rc8 f5 43. exf6 Kxf6 44. c4 e5 45. c5 e4 46. c6 Rc2 47. c7 Ke7 48. Rh8 Kd7 49. Rxh5 e3 50. Rh7+ Kc8 51. Re7 e2 52. Re8+ Kd7 53. c8=Q+ Rxc8 54. Rxc8 Kxc8 55. Be1 Kd7 56. Kg3 Ke6 57. Kxg4 Ke5 58. Kf3 1-0

[Event "Winnipeg op U1800"]
[Site "Winnipeg CAN"]
[Date "2026.02.16"]
[Round "5.23"]
[White "Trueman, Francis"]
[Black "Zhang, Chloe"]
[Result "0-1"]
[WhiteElo "1380"]
[BlackElo "1091"]
[WhiteFideId "-1"]
[BlackFideId "-1"]
[PlyCount "77"]
[GameId "2285889505808935"]
[EventDate "2026.02.14"]
[EventType "swiss"]
[EventRounds "5"]
[EventCountry "CAN"]

1. e4 e5 2. Nf3 Nc6 3. d3 Nf6 4. g3 Bc5 5. Bg2 d5 6. Nbd2 O-O 7. O-O Bg4 8. c3 Bb6 9. Re1 h6 10. h4 Re8 11. Qc2 Qd7 12. Nf1 Bh3 13. N1h2 Bxg2 14. Kxg2 Rad8 15. Qe2 dxe4 16. dxe4 Ng4 17. Nxg4 Qxg4 18. Qc2 Re6 19. Nh2 Qg6 20. g4 Rf6 21. f3 h5 22. Bg5 Rdd6 23. Bxf6 Rxf6 24. Rad1 hxg4 25. Nxg4 Rf4 26. Qe2 Ne7 27. Kh3 f5 28. Rd7 fxg4+ 29. fxg4 Qf6 30. Rd2 Bf2 31. Qc4+ Kh7 32. Rh1 Qxh4+ 33. Kg2 Rxg4+ 34. Kf1 Qxh1+ 35. Kxf2 Qg2+ 36. Ke1 Rxe4+ 37. Re2 Qg1+ 38. Kd2 Rxc4 39. Rxe5 0-1

[Event "Winter Seniors op"]
[Site "Winnipeg CAN"]
[Date "2026.01.09"]
[Round "1.1"]
[White "Nagelberg, Alan"]
[Black "MacPherson, Al"]
[Result "1/2-1/2"]
[WhiteElo "1966"]
[BlackElo "1789"]
[WhiteFideId "-1"]
[BlackFideId "-1"]
[PlyCount "134"]
[GameId "2273132456047059"]
[EventDate "2026.01.09"]
[EventType "swiss"]
[EventRounds "4"]
[EventCountry "CAN"]

1. d4 d5 2. Nf3 e6 3. e3 c5 4. c3 Nf6 5. Bd3 Nc6 6. O-O Bd6 7. Nbd2 O-O 8. dxc5 Bxc5 9. b4 Bd6 10. Bb2 Bd7 11. a3 Rc8 12. c4 Ne7 13. e4 dxe4 14. Nxe4 Nxe4 15. Bxe4 Bc6 16. Qd4 Bxh2+ 17. Nxh2 Qxd4 18. Bxh7+ Kxh7 19. Bxd4 b6 20. Rac1 Rfd8 21. Be3 Rd3 22. c5 b5 23. Ng4 f6 24. Rfd1 Rcd8 25. Rxd3 Rxd3 26. Ra1 Nd5 27. Kf1 Kg6 28. Ke2 Rb3 29. g3 Nc3+ 30. Kd2 Rxa3 31. Rxa3 Nb1+ 32. Kd3 Nxa3 33. Bc1 Nc4 34. Ne3 Ne5+ 35. Kc3 Nf3 36. Nc2 e5 37. Kd3 Kf7 38. Na1 Nd4 39. Nc2 Nf3 40. Na1 e4+ 41. Ke3 Ke6 42. Nb3 Kd5 43. Na5 Ne5 44. Nxc6 Nxc6 45. Bd2 Ne5 46. Bc3 Ng4+ 47. Ke2 g6 48. Bb2 f5 49. Bc3 Nh6 50. Bg7 Nf7 51. Bf8 Nd8 52. Ke3 Kc4 53. Kf4 Ne6+ 54. Ke5 Nd8 55. Kf6 Kd5 56. Kxg6 Ke6 57. Bg7 Nc6 58. Bc3 a6 59. Kg5 Ne7 60. g4 fxg4 61. Kxg4 Kd5 62. Kf4 Nc6 63. f3 exf3 64. Kxf3 Kc4 65. Be1 a5 66. bxa5 Nxa5 67. Bxa5 Kxc5 1/2-1/2

[Event "Winter Seniors op"]
[Site "Winnipeg CAN"]
[Date "2026.01.09"]
[Round "1.2"]
[White "Greenberg, Harley"]
[Black "Boron, Anthony"]
[Result "0-1"]
[WhiteElo "1732"]
[BlackElo "1941"]
[WhiteFideId "-1"]
[BlackFideId "-1"]
[PlyCount "64"]
[GameId "2273132456047060"]
[EventDate "2026.01.09"]
[EventType "swiss"]
[EventRounds "4"]
[EventCountry "CAN"]

1. e4 c5 2. Nf3 e6 3. d4 cxd4 4. Nxd4 Nf6 5. Nc3 Nc6 6. Be2 Bb4 7. Nxc6 bxc6 8. Qd4 c5 9. Qd3 Bb7 10. f3 d5 11. Qb5+ Qd7 12. Qxd7+ Kxd7 13. e5 d4 14. exf6 dxc3 15. b3 gxf6 16. Be3 Rac8 17. Kf2 Ke7 18. a3 Ba5 19. Bxc5+ Rxc5 20. b4 Rd5 21. bxa5 Rxa5 22. Rab1 Bd5 23. Ra1 Rb8 24. Bd3 f5 25. Rhe1 Kf6 26. f4 Ra4 27. g3 Bc4 28. Ke3 Bd5 29. Kf2 Rb2 30. Ke3 h6 31. Be2 Rxc2 32. Bd1 Re4+ 0-1

[Event "Winter Seniors op"]
[Site "Winnipeg CAN"]
[Date "2026.01.09"]
[Round "1.3"]
[White "Lauritson, Jim"]
[Black "Melnyk, James"]
[Result "1-0"]
[WhiteElo "1941"]
[BlackElo "1695"]
[WhiteFideId "-1"]
[BlackFideId "-1"]
[PlyCount "105"]
[GameId "2273132456047061"]
[EventDate "2026.01.09"]
[EventType "swiss"]
[EventRounds "4"]
[EventCountry "CAN"]

1. d4 d6 2. e4 Nf6 3. Nc3 c6 4. f4 Qa5 5. Bd2 Qb6 6. Nf3 Bg4 7. Na4 Qc7 8. Bd3 e5 9. fxe5 dxe5 10. dxe5 Bxf3 11. Qxf3 Qxe5 12. O-O-O Be7 13. g4 Qe6 14. Nc3 O-O 15. Rhg1 Nbd7 16. Bf4 Ne5 17. Bxe5 Qxe5 18. g5 Nd7 19. h4 Nc5 20. Qf5 Bd6 21. h5 Qf4+ 22. Kb1 Be5 23. Ne2 Qxf5 24. exf5 Rad8 25. Bc4 b5 26. Bb3 a5 27. a3 Nxb3 28. cxb3 Rd6 29. Rxd6 Bxd6 30. Rd1 Be7 31. Rd7 Bxg5 32. Rc7 g6 33. hxg6 fxg6 34. fxg6 hxg6 35. Rxc6 Kg7 36. Rc5 Rf5 37. Rxf5 gxf5 38. Nd4 f4 39. Kc2 b4 40. Nc6 bxa3 41. bxa3 Kf6 42. Nxa5 Kf5 43. Kd1 Ke4 44. Ke2 f3+ 45. Kf1 Bc1 46. Nc4 Kd3 47. a4 Kc3 48. a5 Kxb3 49. a6 Kxc4 50. a7 Kd3 51. a8=Q Be3 52. Qxf3 Kd2 53. Qe2+ 1-0

[Event "Winter Seniors op"]
[Site "Winnipeg CAN"]
[Date "2026.01.09"]
[Round "1.4"]
[White "Kuryliw, Ray"]
[Black "Minano, John"]
[Result "1-0"]
[WhiteElo "1893"]
[BlackElo "1690"]
[WhiteFideId "-1"]
[BlackFideId "-1"]
[PlyCount "95"]
[GameId "2273132456047062"]
[EventDate "2026.01.09"]
[EventType "swiss"]
[EventRounds "4"]
[EventCountry "CAN"]

1. d4 f5 2. b3 Nf6 3. Bb2 e6 4. e3 Be7 5. c4 O-O 6. Nc3 b6 7. Be2 Bb7 8. Bf3 Bxf3 9. Qxf3 Na6 10. a3 c5 11. d5 exd5 12. Nxd5 Nxd5 13. Qxd5+ Kh8 14. Rd1 d6 15. Ne2 Nc7 16. Qd2 Qe8 17. O-O Rd8 18. Nf4 Bf6 19. Rfe1 Bxb2 20. Qxb2 Qe5 21. Qc2 Rf6 22. Nd5 Nxd5 23. Rxd5 Qe6 24. e4 fxe4 25. Rxe4 Qf7 26. Qe2 Qg6 27. f3 h6 28. Re7 Qb1+ 29. Qd1 Qg6 30. Qd3 a6 31. Qxg6 Rxg6 32. Ra7 b5 33. Rxa6 bxc4 34. bxc4 Rb8 35. Rd2 Rb1+ 36. Kf2 Rc1 37. Rdxd6 Rxd6 38. Rxd6 Rxc4 39. Rd2 Ra4 40. Ra2 Kg8 41. Ke2 Kf7 42. Kd3 Ke6 43. Kc3 Kd5 44. Rd2+ Kc6 45. Kb3 Ra8 46. Re2 Rb8+ 47. Kc4 Rd8 48. Re6+ 1-0

[Event "Winter Seniors op"]
[Site "Winnipeg CAN"]
[Date "2026.01.09"]
[Round "1.5"]
[White "Klokow, John"]
[Black "Ott, Richard"]
[Result "1-0"]
[WhiteElo "1839"]
[BlackElo "1648"]
[WhiteFideId "-1"]
[BlackFideId "-1"]
[PlyCount "61"]
[GameId "2273132456047063"]
[EventDate "2026.01.09"]
[EventType "swiss"]
[EventRounds "4"]
[EventCountry "CAN"]

1. e4 d6 2. d4 Nf6 3. Nc3 g6 4. f4 Bg7 5. Nf3 O-O 6. Be2 c6 7. e5 dxe5 8. fxe5 Nd5 9. O-O Be6 10. Ng5 Nxc3 11. bxc3 Bc8 12. Bc4 e6 13. Ne4 Nd7 14. Bg5 Qa5 15. Be7 b5 16. Bxf8 Bxf8 17. Qf3 f5 18. Bxe6+ Kh8 19. Ng5 Nb6 20. Qxc6 Bxe6 21. Qxe6 Qxc3 22. Nf7+ Kg8 23. Rad1 Qe3+ 24. Kh1 Bg7 25. Rf3 Qe2 26. Rdf1 Qxc2 27. Ng5+ Kh8 28. Nxh7 Kxh7 29. Rh3+ Bh6 30. Qf7+ Kh8 31. Rxh6# 1-0

[Event "Winter Seniors op"]
[Site "Winnipeg CAN"]
[Date "2026.01.16"]
[Round "2.1"]
[White "Boron, Anthony"]
[Black "Kuryliw, Ray"]
[Result "1/2-1/2"]
[WhiteElo "1941"]
[BlackElo "1893"]
[WhiteFideId "-1"]
[BlackFideId "-1"]
[PlyCount "107"]
[GameId "2273132456047064"]
[EventDate "2026.01.09"]
[EventType "swiss"]
[EventRounds "4"]
[EventCountry "CAN"]

1. d4 Nf6 2. Bg5 d5 3. Bxf6 gxf6 4. c4 c6 5. e3 Bg7 6. cxd5 cxd5 7. Nc3 Nc6 8. Bd3 e6 9. Nge2 f5 10. Nf4 Qg5 11. h4 Qd8 12. a3 Bd7 13. Nb5 Bf8 14. Rb1 a6 15. Nc3 b5 16. Nce2 Rc8 17. b4 Ne7 18. g3 Ng6 19. h5 Nxf4 20. Nxf4 h6 21. Rc1 Bd6 22. Rxc8 Qxc8 23. Qc2 O-O 24. Rg1 Qxc2 25. Bxc2 Rc8 26. Kd2 a5 27. Nd3 axb4 28. axb4 Ra8 29. Nc5 Be8 30. f3 Ra2 31. g4 fxg4 32. fxg4 e5 33. g5 exd4 34. gxh6+ Kh8 35. h7 dxe3+ 36. Kc1 Ra1+ 37. Bb1 Rxb1+ 38. Kxb1 Kxh7 39. Kc2 f6 40. Kd3 Bxh5 41. Kxe3 Be5 42. Rh1 Kg6 43. Nd3 Bg4 44. Nf4+ Kg5 45. Nxd5 f5 46. Rg1 Bb8 47. Ra1 f4+ 48. Kf2 Be5 49. Ra8 Bd4+ 50. Ke1 f3 51. Rg8+ Kh4 52. Rxg4+ Kxg4 53. Nc7 Kg3 54. Kf1 1/2-1/2

[Event "Winter Seniors op"]
[Site "Winnipeg CAN"]
[Date "2026.01.16"]
[Round "2.2"]
[White "Klokow, John"]
[Black "Lauritson, Jim"]
[Result "1-0"]
[WhiteElo "1839"]
[BlackElo "1941"]
[WhiteFideId "-1"]
[BlackFideId "-1"]
[PlyCount "69"]
[GameId "2273132456047065"]
[EventDate "2026.01.09"]
[EventType "swiss"]
[EventRounds "4"]
[EventCountry "CAN"]

1. e4 c5 2. Nf3 e6 3. d4 cxd4 4. Nxd4 Nf6 5. Nc3 d6 6. g4 h6 7. h4 Nc6 8. Rg1 h5 9. g5 Ng4 10. Nxc6 bxc6 11. Be2 e5 12. Na4 Qa5+ 13. c3 d5 14. b4 Bxb4 15. cxb4 Qxb4+ 16. Bd2 Qxe4 17. f3 Qd4 18. Rg2 Ne3 19. Bxe3 Qxe3 20. Qc2 O-O 21. Qxc6 Bh3 22. Rf2 d4 23. Qc1 Rac8 24. Qxe3 dxe3 25. Rh2 Bd7 26. Nb2 Rc3 27. Bd3 Rfc8 28. Rd1 Be6 29. Re2 Bxa2 30. Rxe3 Bb3 31. Rd2 Rc1+ 32. Kf2 f6 33. gxf6 gxf6 34. Bf5 R8c7 35. Rxb3 1-0

[Event "Winter Seniors op"]
[Site "Winnipeg CAN"]
[Date "2026.01.16"]
[Round "2.3"]
[White "Remillard, John"]
[Black "Nagelberg, Alan"]
[Result "0-1"]
[WhiteElo "1622"]
[BlackElo "1966"]
[WhiteFideId "-1"]
[BlackFideId "-1"]
[PlyCount "76"]
[GameId "2273132456047066"]
[EventDate "2026.01.09"]
[EventType "swiss"]
[EventRounds "4"]
[EventCountry "CAN"]

1. Nf3 c5 2. c4 Nc6 3. g3 g6 4. Bg2 Bg7 5. Nc3 a6 6. O-O Rb8 7. Re1 b5 8. d3 Nf6 9. Bf4 d6 10. Nd2 Nd4 11. Rb1 O-O 12. Nb3 bxc4 13. dxc4 Nxb3 14. axb3 Qb6 15. e4 Qxb3 16. e5 dxe5 17. Bxe5 Qxd1 18. Rexd1 Rb4 19. b3 Bg4 20. f3 Bf5 21. Ne4 Nxe4 22. Bxg7 Kxg7 23. fxe4 Be6 24. Rdc1 Rfb8 25. Ra1 Rxb3 26. Rxa6 Rb1 27. Ra1 Rxa1 28. Rxa1 Bxc4 29. Rc1 Rb4 30. Kf2 Kf6 31. Rc2 Ke5 32. Ke3 Rb3+ 33. Kd2 Kd4 34. Kc1 Rc3 35. Kd2 Rxc2+ 36. Kxc2 Bd3+ 37. Kd2 Bxe4 38. Bxe4 Kxe4 0-1

[Event "Winter Seniors op"]
[Site "Winnipeg CAN"]
[Date "2026.01.16"]
[Round "2.4"]
[White "MacPherson, Al"]
[Black "Green, Jim"]
[Result "1/2-1/2"]
[WhiteElo "1789"]
[BlackElo "1850"]
[WhiteFideId "-1"]
[BlackFideId "-1"]
[PlyCount "77"]
[GameId "2273132456108507"]
[EventDate "2026.01.09"]
[EventType "swiss"]
[EventRounds "4"]
[EventCountry "CAN"]

1. d4 e6 2. c4 b6 3. Nc3 Bb7 4. e4 Bb4 5. Bd3 f5 6. d5 Nf6 7. Bg5 Bxc3+ 8. bxc3 fxe4 9. Bxe4 exd5 10. Bxd5 Qe7+ 11. Ne2 Bxd5 12. Bxf6 Qxf6 13. Qxd5 Nc6 14. O-O O-O-O 15. g3 Qe5 16. Qd3 h5 17. Rfe1 Qf6 18. c5 Kb7 19. Nf4 Rhf8 20. Re2 Qf5 21. Rb1 Qxd3 22. Nxd3 Rf3 23. Rd2 Rf5 24. cxb6 axb6 25. a4 d6 26. Rb5 Rxb5 27. axb5 Nb8 28. Nf4 h4 29. Ng6 hxg3 30. hxg3 Re8 31. Kf1 Nd7 32. Nf4 Nf6 33. f3 g5 34. Nd5 Nd7 35. Kf2 c6 36. bxc6+ Kxc6 37. Nb4+ Kc7 38. Nd5+ Kc6 39. Nb4+ 1/2-1/2

[Event "Winter Seniors op"]
[Site "Winnipeg CAN"]
[Date "2026.01.16"]
[Round "2.5"]
[White "Minano, John"]
[Black "Greenberg, Harley"]
[Result "1/2-1/2"]
[WhiteElo "1690"]
[BlackElo "1732"]
[WhiteFideId "-1"]
[BlackFideId "-1"]
[PlyCount "79"]
[GameId "2273132456108508"]
[EventDate "2026.01.09"]
[EventType "swiss"]
[EventRounds "4"]
[EventCountry "CAN"]

1. Nf3 d5 2. c4 Nf6 3. Nc3 d4 4. Nb5 c5 5. d3 Nc6 6. e3 e5 7. exd4 cxd4 8. Qe2 Bb4+ 9. Bd2 Bxd2+ 10. Qxd2 O-O 11. g3 a6 12. Na3 Re8 13. O-O-O e4 14. Ng5 e3 15. fxe3 dxe3 16. Qg2 Ng4 17. Ne4 Bf5 18. Be2 Bxe4 19. dxe4 Qg5 20. Rd5 Qg6 21. Bxg4 Qxg4 22. Nc2 Qxe4 23. Qxe4 Rxe4 24. b3 g6 25. Re1 Rae8 26. Rd3 e2 27. Rd2 Ne5 28. Rexe2 Nd3+ 29. Kd1 Nb2+ 30. Ke1 Nd3+ 31. Kf1 Rxe2 32. Rxe2 Rxe2 33. Kxe2 Nc1+ 34. Ke3 Nxa2 35. Kd4 Nc1 36. b4 a5 37. b5 Nb3+ 38. Kd5 a4 39. c5 Na5 40. c6 1/2-1/2

[Event "Winter Seniors op"]
[Site "Winnipeg CAN"]
[Date "2026.01.16"]
[Round "2.6"]
[White "Melnyk, James"]
[Black "Ott, Richard"]
[Result "1-0"]
[WhiteElo "1695"]
[BlackElo "1648"]
[WhiteFideId "-1"]
[BlackFideId "-1"]
[PlyCount "113"]
[GameId "2273132456112605"]
[EventDate "2026.01.09"]
[EventType "swiss"]
[EventRounds "4"]
[EventCountry "CAN"]

1. e4 d6 2. d4 Nf6 3. Nc3 g6 4. Nf3 Bg7 5. Bf4 O-O 6. Qd2 c6 7. Bh6 Qb6 8. Bxg7 Kxg7 9. O-O-O Bg4 10. Qf4 Bxf3 11. Qxf3 Nbd7 12. Bc4 Qc7 13. Bb3 a5 14. Qe3 e6 15. f4 b5 16. a3 Rfc8 17. e5 Ng8 18. Ne4 a4 19. Ba2 d5 20. Nd6 Rcb8 21. Rd3 b4 22. h4 bxa3 23. Rxa3 Qb6 24. Qc3 Ne7 25. g4 c5 26. dxc5 Nxc5 27. Rd1 Nc8 28. f5 Nxd6 29. exd6+ Kg8 30. Qe5 Ne4 31. fxe6 Nxd6 32. exf7+ Nxf7 33. Bxd5 Ra7 34. Rf1 Qb5 35. Rxf7 Rxf7 36. Bxf7+ Kxf7 37. Qxb5 Rxb5 38. Rxa4 Rd5 39. Rf4+ Ke7 40. c3 Ra5 41. Kc2 h5 42. b3 g5 43. hxg5 Rxg5 44. gxh5 Rxh5 45. Rd4 Rh2+ 46. Kd3 Rh3+ 47. Kc4 Rh8 48. Kb4 Rb8+ 49. Kc4 Rc8+ 50. Kd3 Rh8 51. b4 Rh3+ 52. Kc4 Rh8 53. Kb3 Ke6 54. b5 Ke5 55. Kb4 Rh1 56. Rc4 Rb1+ 57. Kc5 1-0

[Event "Winter Seniors op"]
[Site "Winnipeg CAN"]
[Date "2026.01.23"]
[Round "3.1"]
[White "Boron, Anthony"]
[Black "Klokow, John"]
[Result "1/2-1/2"]
[WhiteElo "1941"]
[BlackElo "1839"]
[WhiteFideId "-1"]
[BlackFideId "-1"]
[PlyCount "79"]
[GameId "2273132456112606"]
[EventDate "2026.01.09"]
[EventType "swiss"]
[EventRounds "4"]
[EventCountry "CAN"]

1. d4 Nf6 2. Bg5 g6 3. Bxf6 exf6 4. e3 Bg7 5. c4 d5 6. Nc3 dxc4 7. Bxc4 O-O 8. h4 h5 9. Nge2 c5 10. dxc5 Qa5 11. Rc1 Qxc5 12. Qd5 Qe7 13. Nf4 Kh7 14. Rd1 Nc6 15. a3 Bg4 16. Nfe2 Rad8 17. Qe4 Rxd1+ 18. Kxd1 Rd8+ 19. Ke1 Qxe4 20. Nxe4 Ne5 21. f3 Bxf3 22. gxf3 Nxc4 23. Kf2 f5 24. Ng5+ Kg8 25. Rc1 Rc8 26. b3 Nd6 27. Rd1 Bf8 28. Rd3 Rc2 29. Kf1 Be7 30. Nf4 Rh2 31. Ng2 Rh1+ 32. Kf2 Kf8 33. Rd4 Bxg5 34. hxg5 Ke7 35. Nf4 Rc1 36. Kg2 Ne8 37. Nd5+ Ke6 38. Nf4+ Ke7 39. Nd5+ Ke6 40. Nf4+ 1/2-1/2

[Event "Winter Seniors op"]
[Site "Winnipeg CAN"]
[Date "2026.01.23"]
[Round "3.2"]
[White "Nagelberg, Alan"]
[Black "Kuryliw, Ray"]
[Result "1-0"]
[WhiteElo "1966"]
[BlackElo "1893"]
[WhiteFideId "-1"]
[BlackFideId "-1"]
[PlyCount "75"]
[GameId "2273132456112607"]
[EventDate "2026.01.09"]
[EventType "swiss"]
[EventRounds "4"]
[EventCountry "CAN"]

1. e4 Nf6 2. e5 Nd5 3. c4 Nb6 4. d4 d6 5. exd6 cxd6 6. a4 g6 7. a5 N6d7 8. Nf3 Bg7 9. Be2 Nc6 10. d5 Nce5 11. Nxe5 Nxe5 12. f4 Nd7 13. O-O f5 14. Nc3 Nc5 15. Bd2 O-O 16. Ra3 Re8 17. b4 Na6 18. Qb3 e5 19. dxe6 Bxe6 20. Bf3 Qc7 21. Nd5 Qd7 22. Bc3 Nc7 23. Nf6+ Bxf6 24. Bxf6 Rab8 25. Bb2 h6 26. Qc3 Kh7 27. Rd1 d5 28. cxd5 Bxd5 29. Bxd5 Nxd5 30. Rxd5 Qe7 31. Qe5 Qf7 32. Qd4 Re7 33. Rd3 Rbe8 34. Rd7 Qe6 35. Rxe7+ Qxe7 36. h3 h5 37. Kh2 h4 38. Re3 1-0

[Event "Winter Seniors op"]
[Site "Winnipeg CAN"]
[Date "2026.01.23"]
[Round "3.3"]
[White "Lauritson, Jim"]
[Black "MacPherson, Al"]
[Result "1/2-1/2"]
[WhiteElo "1941"]
[BlackElo "1789"]
[WhiteFideId "-1"]
[BlackFideId "-1"]
[PlyCount "96"]
[GameId "2273132456112608"]
[EventDate "2026.01.09"]
[EventType "swiss"]
[EventRounds "4"]
[EventCountry "CAN"]

1. d4 d5 2. c4 e6 3. Nc3 Nf6 4. cxd5 exd5 5. Bg5 Be7 6. e3 O-O 7. Bd3 c6 8. Qc2 h6 9. Bh4 Re8 10. Nge2 Nbd7 11. O-O Nf8 12. f3 Ne6 13. Rad1 b5 14. Bf2 Bd7 15. h3 b4 16. Na4 c5 17. Nxc5 Nxc5 18. dxc5 Rc8 19. e4 Qa5 20. Rc1 dxe4 21. fxe4 Bf8 22. Nf4 Re5 23. Nd5 Nxd5 24. exd5 Rxd5 25. Bc4 Rf5 26. Qd3 Qc7 27. c6 Be6 28. Bxe6 fxe6 29. Qd7 Qxd7 30. cxd7 Rd8 31. Rc7 Rd5 32. Bxa7 R5xd7 33. Rxd7 Rxd7 34. Be3 Rd5 35. b3 Rd3 36. Kf2 Rc3 37. Rd1 Kf7 38. Ke2 Rc2+ 39. Rd2 Rc6 40. Kf3 g5 41. Ke4 Kg6 42. Bd4 Be7 43. Be5 Ra6 44. g4 Rc6 45. Rd7 Kf7 46. Rd2 Kg6 47. Rd7 Kf7 48. Rd2 Kg6 1/2-1/2